A beginner's guide to discrete mathematics
Αποθηκεύτηκε σε:
| Κύριος συγγραφέας: | |
|---|---|
| Μορφή: | Βιβλίο |
| Γλώσσα: | English |
| Δημοσίευση: |
Boston :
Birkhauser,
c2003
|
| Σειρά: | International series in operations research & management science ;
; 62 |
| Θέματα: | |
| Ετικέτες: |
Προσθήκη ετικέτας
Δεν υπάρχουν, Καταχωρήστε ετικέτα πρώτοι!
|
MARC
| LEADER | 00000cam a2200000 i 4500 | ||
|---|---|---|---|
| 001 | 1/100287 | ||
| 008 | 090120s2002 eng d | ||
| 020 | |a 0-387-24099-3 (pbk.) | ||
| 035 | |l 10102798 | ||
| 041 | 0 | |a eng | |
| 082 | 0 | |a 510 |2 (22) | |
| 100 | 1 | |a Wallis, W. D. | |
| 245 | 1 | 2 | |a A beginner's guide to discrete mathematics / |c W.D. Wallis |
| 246 | 3 | 4 | |a The practice of supply chain management |b ; where theory and application converge |
| 260 | |a Boston : |b Birkhauser, |c c2003 | ||
| 300 | |a 367 σ.; |b σχ.; |c 24 εκ. | ||
| 490 | 1 | |a International series in operations research & management science |v ; 62 | |
| 504 | |a Περιλαμβάνει ευρετήριο | ||
| 650 | 0 | 0 | |a Mathematics. |
| 650 | 0 | 0 | |a Computer science |x Mathematics. |
| 830 | 0 | |a International series in operations research & management science ; |v ; 62 | |
| 852 | |a INST |b CHIOS |e 20090120 |h 510 WAL |p 005200030643 |q 005200030643 |t BK |y 0 | ||
| 901 | |a BIBL2-2008-3 | ||
| 909 | |a Χ |b 147022 | ||
| 970 | |a ΣΑΛΑΜΟΥΡΑ |b ΜΑΡΙΑ |z 2009/01/20 | ||